Регионална библиотека "Любен Каравелов" - Русе

Медицинска генетика (Запис номер 65894)

MARC детайли
000 -Лидер
Контролно поле с фиксирана дължина 01616nam a2200325 c 4500
003 - Код на организацията, давaща контролен номер
Контролно поле BLK
005 - Дата и час на последна редакция
Контролно поле 20191001143350.0
008 - Елементи от данни с фиксирана дължина
fixed length control field 180408b bul|||||r ||||||| ||bul||
010 ## - Наследен системен номер
LC control number KNG00070176000
020 ## - Международен стандартен номер на книга ISBN
Международен стандартен номер на книга ISBN 954-649-233-7
-- издат.: Сиела Софт енд Паблишинг
040 ## - Източник на каталожния запис
Идентификатор на билиотеката - собственик на записа BLK
041 ## - Код за език
Код за езика на текст/звукозапис или на отделно заглавие Български
Код за езика КДБФ Български
080 ## - УДК
Текстов определител УДК Наследствени болести. Наследствени пороци. Наследствено предрасположение. - Предаване на болестите от родителите, болести втора генерация, фамилни болести;злополуки, емоции на майката по време на бре
УДК код - определител по УДК 616-056.7
УДК определител (075.8)
УДК - код + определител 616-056.7(075.8)
139 ## - Редно поле
Редна дума Медицинска генетика
Авторски знак Мед - М 45
245 10 - Сведения за заглавието
Заглавие Медицинска генетика
Подзаглавни данни Учебник за студенти по медицина и биология и за специализиращи лекари
Редно поле (дума) под ред. на Драга Тончева; под ред. на Стоян Лалчев.
257 ## - Страна на издаване
Страна на създаване/издаване България
260 ## - Област на издателските данни
-- София
Име на издателя, разпространителя и проч. Сиела Софт енд Паблишинг
Година на издаване 1999
300 ## - Физическа характеристика
Страници 470 с.
Размери/Мащаб 23 см
380 ## - Жанр
Жанр Медицина
650 #4 - Допълнително описание по предмет – тема
Основно описание – тема или топоним Генетика
9 (RLIN) 151765
653 ## - Ключова дума – ненормативна
Ключова дума генетика
653 ## - Ключова дума – ненормативна
Ключова дума медицина
700 1# - Други автори (авторска отговорност)
Лично име Тончева, Драга
Автороска отговорност (Описва отношението между автора и произведението) под ред. на
9 (RLIN) 268733
700 1# - Други автори (авторска отговорност)
Лично име Лалчев, Стоян
Автороска отговорност (Описва отношението между автора и произведението) под ред. на
9 (RLIN) 292675
852 ## - Местоположение
Форматна сигнатура Цб 230533
856 4# - Електронен адрес и достъп
Електронен формат pdf - файл
Път до файла /url/
856 4# - Електронен адрес и достъп
Електронен формат pdf - файл
Път до файла /url/
942 ## - АРТИКУЛИ
Вид на библиотечния материал Книги
Скрит в OPAC Не
Koha issues (borrowed), all copies 1
944 ## - СЪЗДАВАНЕ И РЕДАКЦИЯ на ЗАПИСА
Създаване/Редакция Създаване
Дата на регистрацията/редакция 20.12.2006
Служител, извършил регистрацията/редакцията Кети_Илиева
944 ## - СЪЗДАВАНЕ И РЕДАКЦИЯ на ЗАПИСА
Създаване/Редакция Редакция
Дата на регистрацията/редакция 25.01.2013
Служител, извършил регистрацията/редакцията
999 ## - СИСТЕМНИ КОНТРОЛНИ НОМЕРА
Koha biblionumber 65894
Koha biblioitemnumber 65894
Наличности
Код за отписване Код за изгубен артикул Код за повреда Коз за рестрикции Код за отдаване Артикулен № Име на библиотеката - собственик Име на библиотеката, в която се намира в момента Статус (Текущо местоположение) Дата на вписване в системата Местоположение - отдел Цена в лева Инвентарен номер Систематично азбучна сигнатура Баркод Номер на екземпляра Цена в евро Служебна бележка Служебен тип на артикула
  Не е изгубен Не е повреден без рестрикции ползва се в читалня 108798 Регионална библиотека "Любен Каравелов" Русе Регионална библиотека "Любен Каравелов" Русе Читалня 2006-12-20 Читалня 19.00 120000707741 Ч 616/М 45 120000707741 1 9.71 Дост: Pk Вид: Ф N: 47400 Дата: 18.12.2006 Дата инв: 17.03.2017 Бележки инв: Ч2017 Книги
Vip Innovations Ltd, Rousse, Bulgaria 2025